[Event "Santo Domingo Independencia op 8th"]
[Site "Santo Domingo"]
[Date "2019.02.17"]
[Round "4"]
[White "Gomez Batista, Eduardo Antonio"]
[Black "Andujar Diaz, Pablo"]
[Result "1-0"]
[WhiteElo "1883"]
[BlackElo "1541"]
[PlyCount "61"]
[EventDate "2019.02.15"]
[EventType "swiss"]
[EventRounds "8"]
[EventCountry "DOM"]
[SourceTitle "CBM 189 Extra"]
[Source "ChessBase"]
[SourceDate "2019.06.03"]
[SourceVersion "1"]
[SourceVersionDate "2019.06.03"]
[SourceQuality "1"]

1. e4 c5 2. Nf3 Nc6 3. d4 cxd4 4. Nxd4 Nf6 5. Nc3 e5 6. Ndb5 d6 7. Bg5 a6 8. Na3 b5 9. Nd5 Be7 10. Bxf6 Bxf6 11. c3 Bb7 12. Nc2 Bg5 13. a4 bxa4 14. Rxa4 0-0 15. Bd3 Ne7 16. Nce3 Nxd5 17. Nxd5 a5 18. 0-0 Rb8 19. Qe2 Kh8 20. Rfa1 f5 21. Rxa5 Bxd5 22. Rxd5 fxe4 23. Qxe4 g6 24. Ra7 Be7 25. Qe2 Ra8 26. Rda5 Qb6 27. Rxa8 Rxa8 28. Rxa8+ Kg7 29. Bc4 Bf8 30. Qf3 Qc7 31. Qxf8# 1-0

[Event "Santo Domingo Autumn op"]
[Site "Santo Domingo"]
[Date "2016.10.07"]
[Round "5"]
[White "Gomez Batista, Eduardo Antonio"]
[Black "Rodriguez Nunez, Jose Altagracia"]
[Result "0-1"]
[WhiteElo "1871"]
[BlackElo "2206"]
[PlyCount "58"]
[EventDate "2016.10.07"]
[EventType "swiss"]
[EventRounds "8"]
[EventCountry "DOM"]
[SourceTitle "CBM 175 Extra"]
[Source "ChessBase"]
[SourceDate "2016.12.12"]
[SourceVersion "1"]
[SourceVersionDate "2016.12.12"]
[SourceQuality "1"]

1. e4 c5 2. Nf3 a6 3. d4 cxd4 4. Nxd4 e5 5. Nb3 Nf6 6. Be2 Nxe4 7. Qd5 Nf6 8. Qxe5+ Be7 9. 0-0 0-0 10. c4 Nc6 11. Qg3 Ne4 12. Qd3 Nc5 13. Nxc5 Bxc5 14. Nc3 d6 15. a3 Re8 16. b4 Bd4 17. Bf3 Qh4 18. Bxc6 bxc6 19. Bd2 Be6 20. g3 Bxc4 21. gxh4 Bxd3 22. Rfe1 Kf8 23. Rac1 Rxe1+ 24. Bxe1 Re8 25. Kg2 Re6 26. Rd1 Bxc3 27. Bxc3 Be2 28. Rc1 Rg6+ 29. Kh3 Bd3 0-1

[Event "Santo Domingo Autumn op"]
[Site "Santo Domingo"]
[Date "2016.10.07"]
[Round "3"]
[White "Plata Nelson, Roberto Marino"]
[Black "Gomez Batista, Eduardo Antonio"]
[Result "0-1"]
[WhiteElo "1969"]
[BlackElo "1871"]
[PlyCount "47"]
[EventDate "2016.10.07"]
[EventType "swiss"]
[EventRounds "8"]
[EventCountry "DOM"]
[SourceTitle "CBM 175 Extra"]
[Source "ChessBase"]
[SourceDate "2016.12.12"]
[SourceVersion "1"]
[SourceVersionDate "2016.12.12"]
[SourceQuality "1"]

1. e4 c5 2. Nf3 Nc6 3. d4 cxd4 4. Nxd4 Nf6 5. Nc3 e5 6. Ndb5 d6 7. Nd5 Nxd5 8. exd5 Nb8 9. Be2 Be7 10. 0-0 a6 11. Na3 0-0 12. Be3 Nd7 13. Nc4 f5 14. f3 b5 15. Na3 Nb6 16. c4 bxc4 17. Nxc4 Nxc4 18. Bxc4 Bg5 19. Bf2 e4 20. fxe4 fxe4 21. Bd4 Bf6 22. Bxf6 Rxf6 23. Qd4 Bf5 24. Rf4 0-1

[Event "Santo Domingo La Raza op"]
[Site "Santo Domingo"]
[Date "2015.10.12"]
[Round "1"]
[White "Nieto Rodriguez, Alejandro"]
[Black "Gomez Batista, Eduardo Antonio"]
[Result "1-0"]
[WhiteElo "2123"]
[BlackElo "1826"]
[PlyCount "59"]
[EventDate "2015.10.12"]
[EventType "swiss"]
[EventRounds "8"]
[EventCountry "DOM"]
[SourceTitle "CBM 169 Extra"]
[Source "ChessBase"]
[SourceDate "2015.12.18"]
[SourceVersion "1"]
[SourceVersionDate "2015.12.18"]
[SourceQuality "1"]

1. e4 Nf6 2. d3 d6 3. Nf3 g6 4. g3 Bg7 5. Bg2 0-0 6. 0-0 c6 7. Nc3 Nbd7 8. h3 Qc7 9. Be3 e5 10. Qd2 d5 11. exd5 Nxd5 12. Bh6 N7f6 13. Bxg7 Kxg7 14. Rfe1 Re8 15. Re2 Nh5 16. Rae1 f6 17. d4 Ndf4 18. gxf4 Nxf4 19. Qxf4 exf4 20. Rxe8 Kf7 21. Rh8 Kg7 22. Ree8 g5 23. Reg8+ Kh6 24. Ne4 Bf5 25. Rxa8 Bxe4 26. Nxg5 Bxc2 27. Nxh7 Kg7 28. Rag8+ Kf7 29. Rf8+ Ke7 30. Nxf6 1-0